000 00335nam a2200157Ia 4500
003 OSt
005 20231109070942.0
008 170524s9999 xx 000 0 und d
020 _a88-476-0871-6
040 _cIIMT
100 _aEnglish Edition
245 0 _aSpanish cooking
260 _bBonechi
260 _c2000
942 _2ddc
_c02
999 _c7092
_d7092